00631nam a2200205 a 450000100060000000300090000600800410001502000150005604000280007108200170009911000460011624500830016226000480024530000090029365000310030265000260033365000130035965000260037265000270039810121CO-ViMGA141112s2004 ck r 000 u spa d a9701502450 aCO-ViMGAbspacCO-ViMGA04a658.019 R38f aOficina Internacional del Trabajo Ginegra10aFactores Psicosociales en el Trabajo : bNaturaleza, incidencia y prevención aSantafé de Bogotá : bAlfaomega, c1997 a87p.14aADMINISTRACION DE PERSONAL14aASPECTOS PSICOLOGICOS14aCONGRESO14aPSICOLOGIA INDUSTRIAL14aTRABAJO Y TRABAJADORES